000
00241 a2200121 4500
020
_a
8434815702
020
_a
9788434815704
041
_a
spa
100
_a
Janosch
245
_a
Soy un oso grande y hermoso
942
_c
BK
999
_c
29716
_d
29714
999
_d
29714